Aids im Strafvollzug: eine besondere Aufgabe für die Landesjustizverwaltung

Saved in:  
Bibliographic Details
Main Author: Schäfer, Karl-Heinrich (Author)
Format: Print Article
Language:German
Published: 1992
In: Aids und Recht
Year: 1992, Pages: 129-137
Check availability: HBZ Gateway
Keywords:

MARC

LEADER 00000caa a22000002c 4500
001 1526026600
003 DE-627
005 20220604105146.0
007 tu
008 160223s1992 xx ||||| 00| ||ger c
020 |a 3415017222 
035 |a (DE-627)1526026600 
035 |a (DE-576)456026606 
035 |a (DE-599)BSZ456026606 
040 |a DE-627  |b ger  |c DE-627  |e rakwb 
041 |a ger 
100 1 |a Schäfer, Karl-Heinrich  |4 aut 
245 1 0 |a Aids im Strafvollzug: eine besondere Aufgabe für die Landesjustizverwaltung  |c Karl-Heinrich Schäfer 
264 1 |c 1992 
336 |a Text  |b txt  |2 rdacontent 
337 |a ohne Hilfsmittel zu benutzen  |b n  |2 rdamedia 
338 |a Band  |b nc  |2 rdacarrier 
773 0 8 |i In  |t Aids und Recht  |d Stuttgart [u.a.] : Boorberg, 1992  |g (1992), Seite 129-137  |h 244 S.  |w (DE-627)025399969  |w (DE-576)029184444  |z 3415017222  |7 nnam 
773 1 8 |g year:1992  |g pages:129-137 
935 |a mkri 
951 |a AR 
ELC |b 1 
LOK |0 000 xxxxxcx a22 zn 4500 
LOK |0 001 289953050X 
LOK |0 003 DE-627 
LOK |0 004 1526026600 
LOK |0 005 20260119155335 
LOK |0 008 160208||||||||||||||||ger||||||| 
LOK |0 040   |a DE-21-110  |c DE-627  |d DE-21-110 
LOK |0 689   |a s  |a Strafvollzug 
LOK |0 689   |a s  |a AIDS 
LOK |0 852   |a DE-21-110 
LOK |0 852 1  |m p  |9 00 
LOK |0 935   |a k110 
LOK |0 938   |k p 
LOK |0 939   |a 08-02-16  |b l01 
ORI |a SA-MARC-krimdoka001.raw